L'Eredità - Ghigliottina #8 - Statistics

Statistiche generali
  • Questo quiz è stato fatto 60 volte
  • Il punteggio medio è 3 su 5
Statistiche sulle risposte
Risposta % Corretto
La risposta è Porto Franco: il porto franco è un’area che gode di particolari benefici tributari. Portogallo: Porto è una città del Portogallo. Cesareo: Porto Cesareo è un comune salentino. Diga: una diga foranea è una costruzione attinente al porto. Palermo: il nome di Palermo deriva da πᾶς (tutto) e ὅρμος (porto).
76%
La risposta è Fedele Chiesa: le persone che si recano in chiesa per pregare sono anche dette fedeli. Pio: è un possibile sinonimo di fedele. Marito: un marito è fedele se non tradisce il coniuge. Promessa: essere fedeli a una promessa. Cane: “Il cane fedele” è una celebre favola di Fedro.
55%
La risposta è Punto Capo: dall’espressione “punto e a capo”. Fermo: un punto fermo è un segno di interpunzione. Caldo: un punto caldo è un punto della superficie terrestre legato alla formazione dei vulcani. Critico: punto critico è un’espressione ricorrente in vari campi (fisica, matematica,ecc…). Croce: il punto croce è una tecnica di ricamo.
53%
La risposta è Integrale Derivata: in matematica l’integrale è l’operazione inversa della derivata. Pane: il pane integrale è un tipo di pane. Parziale: è il contrario di integrale. Cereale: alcuni cereali sono detti integrali. Area: l’integrale definito è un operatore attraverso il quale è possibile calcolo dell’area di una superficie.
37%
La risposta è Massa Marittima: Massa Marittima è un comune toscano. Critica: la massa critica è un concetto di fisica nucleare. Pilota: Felipe Massa è un pilota di Formula 1. Atomica: dall’unità di massa atomica. Peso: termine con cui viene impropriamente indicata la massa delle persone.
33%
Nessun quiz corrispondente trovato
Distribuzione punteggi
Percentuale di utenti per punteggio
Percentile per numero di risposta
I tuoi punteggi nel tempo
Non hai fatto questo quiz